[Event "II. CLANSKA LIGA ZAHOD 2018"]
[Site "Komenda"]
[Date "2018.11.11"]
[Round "4.2"]
[White "Trussevich, Simon"]
[Black "Baric, Dusan"]
[Result "1-0"]
[WhiteElo "2009"]
[BlackElo "2091"]
[PlyCount "87"]
[EventDate "2018.11.11"]
[WhiteTeam "SK LJUBLJANA"]
[BlackTeam "SD MATRIKA STARI TRG OB KOLP"]

1. d4 Nf6 2. c4 c5 3. d5 d6 4. Nc3 g6 5. e4 Bg7 6. Nf3 O-O 7. h3 Na6 8. Bd3 Bd7
9. O-O Rb8 10. Re1 Nc7 11. a4 b6 12. e5 dxe5 13. Nxe5 a6 14. Bf4 Nfe8 15. Nxd7
Qxd7 16. Qe2 Bf6 17. Ne4 Bd4 18. Ng5 Bf6 19. Ne4 Bd4 20. Ng5 Bf6 21. Nf3 Nd6
22. Ne5 Bxe5 23. Qxe5 Rfe8 24. Bh6 f6 25. Qg3 Kf7 26. h4 Rb7 27. Bf4 Nf5 28.
Bxf5 gxf5 29. Bxc7 Rxc7 30. Re6 b5 31. axb5 axb5 32. b3 bxc4 33. bxc4 Rg8 34.
Qf4 Ra7 35. Rxa7 Qxa7 36. Qxf5 Rg6 37. Re1 Rg7 38. Qe6+ Kg6 39. Qg4+ Kh6 40.
Qf5 Qa5 41. Re4 Qc3 42. g4 Qa1+ 43. Kg2 Qc3 44. Qh5# 1-0

[Event "II. CLANSKA LIGA ZAHOD 2018"]
[Site "Komenda"]
[Date "2018.11.11"]
[Round "4.3"]
[White "Kobe, Uros"]
[Black "Zmavc, Mark"]
[Result "1/2-1/2"]
[WhiteElo "2046"]
[BlackElo "1727"]
[PlyCount "45"]
[EventDate "2018.11.11"]
[WhiteTeam "SD MATRIKA STARI TRG OB KOLP"]
[BlackTeam "SK LJUBLJANA"]

1. e4 c5 2. Nc3 d6 3. g3 Nc6 4. Bg2 g6 5. d3 Bg7 6. Be3 Nf6 7. h3 O-O 8. Qd2
Rb8 9. f4 Nd7 10. Nf3 b5 11. O-O b4 12. Nd1 a5 13. f5 Ba6 14. Bh6 Nd4 15. Nxd4
Bxd4+ 16. Kh2 Bg7 17. Bxg7 Kxg7 18. Ne3 Kg8 19. Kh1 Kg7 20. Kh2 Kg8 21. Kh1 Kg7
22. Kh2 Kg8 23. Kh1 1/2-1/2

[Event "II. CLANSKA LIGA ZAHOD 2018"]
[Site "Komenda"]
[Date "2018.11.11"]
[Round "4.4"]
[White "Sivcevic, Nusret"]
[Black "Bedic, Slavko"]
[Result "0-1"]
[WhiteElo "1748"]
[BlackElo "1852"]
[PlyCount "70"]
[EventDate "2018.11.11"]
[WhiteTeam "SK LJUBLJANA"]
[BlackTeam "SD MATRIKA STARI TRG OB KOLP"]

1. f4 c5 2. Nf3 Nf6 3. c3 d5 4. Qc2 Nc6 5. d3 Qc7 6. e4 e5 7. g3 Bd6 8. Na3 a6
9. exd5 Nxd5 10. Nc4 exf4 11. Nxd6+ Qxd6 12. c4 Qe7+ 13. Qe2 Ne3 14. Bxe3 fxe3
15. O-O-O Nd4 16. Nxd4 cxd4 17. Bg2 Rb8 18. Qf3 Be6 19. Qf4 Qd8 20. g4 O-O 21.
h4 b5 22. Be4 Qb6 23. Rh2 Rfc8 24. Kb1 Qc5 25. Rc1 bxc4 26. dxc4 Bxc4 27. Rhc2
Qb4 28. Qg5 g6 29. Qe5 Rd8 30. h5 Re8 31. Qh2 e2 32. hxg6 hxg6 33. Rh1 e1=Q+
34. Rc1 Qxc1+ 35. Kxc1 Qxb2+ 0-1

[Event "II. CLANSKA LIGA ZAHOD 2018"]
[Site "Komenda"]
[Date "2018.11.11"]
[Round "4.5"]
[White "Danculovic, Jovica"]
[Black "Hribar, Andrej"]
[Result "1-0"]
[WhiteElo "1798"]
[BlackElo "1725"]
[PlyCount "83"]
[EventDate "2018.11.11"]
[WhiteTeam "SD MATRIKA STARI TRG OB KOLP"]
[BlackTeam "SK LJUBLJANA"]

1. e4 c6 2. d4 g6 3. f4 Bg7 4. Nf3 d6 5. Bd3 e6 6. c3 Ne7 7. O-O O-O 8. Be3 b6
9. Nbd2 Bb7 10. Qe2 Nd7 11. Nc4 d5 12. Nd6 dxe4 13. Bxe4 Qc7 14. Nxb7 Qxb7 15.
Ne5 Rac8 16. b4 Nd5 17. Bd2 Qc7 18. c4 Ne7 19. Rad1 Rfd8 20. Be3 Nf6 21. Bf3 a6
22. a4 Nd7 23. Rd2 f6 24. Nxd7 Rxd7 25. Rfd1 Re8 26. g4 f5 27. g5 Kf7 28. Qf2
b5 29. axb5 axb5 30. d5 exd5 31. cxd5 cxd5 32. Bxd5+ Nxd5 33. Rxd5 Rde7 34. Bc5
Qc6 35. Bxe7 Rxe7 36. Qc5 Qe6 37. Rd6 Qe4 38. Qd5+ Qxd5 39. R6xd5 Rb7 40. Rd7+
Rxd7 41. Rxd7+ Kf8 42. Rb7 1-0

[Event "II. CLANSKA LIGA ZAHOD 2018"]
[Site "Komenda"]
[Date "2018.11.11"]
[Round "4.6"]
[White "Topolovec, Vid"]
[Black "Brgan, Niko"]
[Result "1-0"]
[WhiteElo "1671"]
[BlackElo "2079"]
[PlyCount "91"]
[EventDate "2018.11.11"]
[WhiteTeam "SK LJUBLJANA"]
[BlackTeam "SD MATRIKA STARI TRG OB KOLP"]

1. e4 e5 2. Nf3 Nc6 3. Bc4 h6 4. c3 Nf6 5. d3 Bc5 6. Nbd2 O-O 7. O-O d6 8. Re1
a6 9. Bb3 b5 10. Nf1 Be6 11. Bc2 Bg4 12. Ng3 Qd7 13. h3 Bxf3 14. Qxf3 Ne7 15.
Bxh6 gxh6 16. Qxf6 Qe6 17. Nh5 Qxf6 18. Nxf6+ Kh8 19. Nd7 Rg8 20. Nxc5 dxc5 21.
Bb3 Rg7 22. Re3 Rag8 23. g3 h5 24. Rf3 h4 25. Kh2 Ng6 26. Rxf7 Rd8 27. Rxg7
Kxg7 28. Bc2 c4 29. Rd1 cxd3 30. Rxd3 Rxd3 31. Bxd3 Nf8 32. f4 Kf6 33. fxe5+
Kxe5 34. gxh4 Ng6 35. h5 Nf4 36. h6 Kf6 37. e5+ Kf7 38. h7 Kg7 39. Bf5 Nd5 40.
e6 c5 41. Kg3 a5 42. Kf3 a4 43. a3 b4 44. cxb4 cxb4 45. axb4 Nc7 46. e7 1-0

[Event "II. CLANSKA LIGA ZAHOD 2018"]
[Site "Komenda"]
[Date "2018.11.11"]
[Round "4.1"]
[White "Brezovar, Matjaz"]
[Black "Rojs, Igor"]
[Result "1-0"]
[WhiteElo "2209"]
[BlackElo "2007"]
[PlyCount "53"]
[EventDate "2018.11.11"]
[WhiteTeam "SK DOLENJSKE TOPLICE"]
[BlackTeam "SK TRZIN"]

1. Nf3 Nf6 2. c4 c6 3. Nc3 d5 4. cxd5 cxd5 5. d4 Nc6 6. Bf4 e6 7. e3 Bd6 8. Bg3
Bxg3 9. hxg3 Ne4 10. Nxe4 dxe4 11. Nd2 f5 12. Qh5+ g6 13. Qxg6+ hxg6 14. Rxh8+
Ke7 15. Rxd8 Kxd8 16. a3 e5 17. d5 Ne7 18. Nc4 Kd7 19. Rd1 Rb8 20. Nxe5+ Kd6
21. Nf7+ Kc5 22. b4+ Kb6 23. d6 Be6 24. dxe7 Bxf7 25. Rd8 Kc7 26. Rxb8 Kxb8 27.
Bb5 1-0

[Event "II. CLANSKA LIGA ZAHOD 2018"]
[Site "Komenda"]
[Date "2018.11.11"]
[Round "4.2"]
[White "Borisek, Anze"]
[Black "Luzar, Emil"]
[Result "1/2-1/2"]
[WhiteElo "1916"]
[BlackElo "2115"]
[PlyCount "60"]
[EventDate "2018.11.11"]
[WhiteTeam "SK TRZIN"]
[BlackTeam "SK DOLENJSKE TOPLICE"]

1. f4 g6 2. Nf3 Bg7 3. d4 d6 4. e4 Nf6 5. e5 Nd5 6. c4 Nb6 7. Be3 O-O 8. Nc3
dxe5 9. dxe5 Be6 10. b3 Nc6 11. Nd4 Nxd4 12. Qxd4 f6 13. c5 Qxd4 14. Bxd4 fxe5
15. Bxe5 Bxe5 16. fxe5 Nd5 17. Bc4 c6 18. O-O-O Rf2 19. Rd2 Rxd2 20. Kxd2 Rd8
21. Kc1 Nf4 22. Rf1 Nd3+ 23. Bxd3 Rxd3 24. Rf3 Rd4 25. Rf2 Rd3 26. Rf3 Rd8 27.
Rf2 Rd3 28. Rf3 Rd8 29. Rf2 Rd3 30. Rf3 Rd8 1/2-1/2

[Event "II. CLANSKA LIGA ZAHOD 2018"]
[Site "Komenda"]
[Date "2018.11.11"]
[Round "4.3"]
[White "Pucelj, Joze"]
[Black "Krupenko, Peter"]
[Result "1/2-1/2"]
[WhiteElo "2100"]
[BlackElo "1764"]
[PlyCount "52"]
[EventDate "2018.11.11"]
[WhiteTeam "SK DOLENJSKE TOPLICE"]
[BlackTeam "SK TRZIN"]

1. Nf3 Nf6 2. g3 d5 3. Bg2 Nbd7 4. O-O e5 5. d3 Bd6 6. c3 h6 7. Qc2 O-O 8. e4
dxe4 9. dxe4 Qe7 10. Nbd2 c6 11. Nc4 Bc7 12. Nh4 Nb6 13. Ne3 g6 14. Re1 Kg7 15.
Nf1 Be6 16. a4 Rad8 17. b3 a5 18. Ba3 Bd6 19. Bb2 Bc5 20. Ne3 Ng4 21. Nxg4 Bxg4
22. h3 Be6 23. Nf3 f6 24. Rad1 Bf7 25. Bc1 Rxd1 26. Rxd1 Rd8 1/2-1/2

[Event "II. CLANSKA LIGA ZAHOD 2018"]
[Site "Komenda"]
[Date "2018.11.11"]
[Round "4.4"]
[White "Leben, Dusan"]
[Black "Janko, Roman"]
[Result "0-1"]
[WhiteElo "1857"]
[BlackElo "1869"]
[PlyCount "96"]
[EventDate "2018.11.11"]
[WhiteTeam "SK TRZIN"]
[BlackTeam "SK DOLENJSKE TOPLICE"]

1. e4 c5 2. Nf3 Nc6 3. d4 cxd4 4. Nxd4 e5 5. Nb3 Nf6 6. Nc3 Bb4 7. Bd3 d5 8.
exd5 Qxd5 9. O-O Bxc3 10. bxc3 O-O 11. Bg5 e4 12. Bxf6 exd3 13. Bd4 dxc2 14.
Qxc2 Bf5 15. Qb2 h5 16. c4 Qxc4 17. Bxg7 Rfe8 18. Bh6 Qg4 19. Qf6 Re6 20. Qg5+
Rg6 21. Qxg4 Bxg4 22. Bf4 h4 23. g3 hxg3 24. fxg3 Re8 25. Rfe1 Rge6 26. Rxe6
Rxe6 27. Bd2 Ne5 28. Nd4 Rd6 29. Bc3 Rxd4 30. Bxd4 Nf3+ 31. Kf2 Nxd4 32. Rb1
Bc8 33. Rb4 Nc6 34. Ra4 b5 35. Ra3 a5 36. Rc3 Bd7 37. Rc5 Nb4 38. Rc7 Be6 39.
a3 Nd3+ 40. Ke3 Nb2 41. Rc1 Nc4+ 42. Kd4 Nxa3 43. Kc5 b4 44. Kd4 b3 45. Kc3
Nb5+ 46. Kb2 a4 47. Rc5 a3+ 48. Kb1 Nd4 0-1

[Event "II. CLANSKA LIGA ZAHOD 2018"]
[Site "Komenda"]
[Date "2018.11.11"]
[Round "4.5"]
[White "Gorse, Damjan"]
[Black "Banfi, Gregor"]
[Result "1/2-1/2"]
[WhiteElo "1797"]
[BlackElo "1673"]
[PlyCount "63"]
[EventDate "2018.11.11"]
[WhiteTeam "SK DOLENJSKE TOPLICE"]
[BlackTeam "SK TRZIN"]

1. e4 c5 2. Nf3 d6 3. d4 cxd4 4. Nxd4 Nf6 5. Nc3 a6 6. Be2 e5 7. Nf3 Be7 8. O-O
O-O 9. a4 Qc7 10. h3 Nbd7 11. Nd2 Rb8 12. a5 Nc5 13. b4 Ne6 14. Na4 d5 15. c3
dxe4 16. Bc4 Nf4 17. Nb6 Rd8 18. Qb3 Be6 19. Bxe6 Nxe6 20. Re1 Rd3 21. Ra3 Rbd8
22. Qb2 Nf4 23. Kh2 N4d5 24. Nxd5 R3xd5 25. Nxe4 Nxe4 26. Rxe4 f5 27. Re2 Qc4
28. Qa2 Qxa2 29. Raxa2 Kf7 30. Rac2 Rd3 31. Bd2 R8d7 32. Bc1 1/2-1/2

[Event "II. CLANSKA LIGA ZAHOD 2018"]
[Site "Komenda"]
[Date "2018.11.11"]
[Round "4"]
[White "Bajec, Borut"]
[Black "Volf, Zdravko"]
[Result "1-0"]
[WhiteElo "1780"]
[BlackElo "2001"]
[PlyCount "87"]
[EventDate "2018.11.11"]
[WhiteTeam "SK TRZIN"]
[BlackTeam "SK DOLENJSKE TOPLICE"]

1. d4 d5 2. c4 c6 3. cxd5 cxd5 4. Nf3 Nc6 5. e3 Nf6 6. Nc3 Bg4 7. h3 Bh5 8. Be2
e6 9. O-O a6 10. Bd2 Bd6 11. Rc1 Rc8 12. a3 O-O 13. Nh4 Bxe2 14. Qxe2 Bb8 15.
f4 Ne4 16. Be1 Ne7 17. Nf3 Nf5 18. Kh2 Nfd6 19. Bh4 f6 20. Be1 Rf7 21. Bd2 Rfc7
22. Nxe4 Nxe4 23. Ba5 g5 24. Bxc7 Bxc7 25. g3 Kf7 26. Nd2 f5 27. Nxe4 dxe4 28.
Qh5+ Kg7 29. Qxg5+ Qxg5 30. fxg5 Kg6 31. Rc3 Kxg5 32. Rfc1 Bxg3+ 33. Kxg3 Rg8
34. Rc8 Rg6 35. Rg1 Kf6+ 36. Kh2 Rh6 37. Rc7 f4 38. exf4 Kf5 39. Rf7+ Rf6 40.
Rxf6+ Kxf6 41. Kg3 Kf5 42. Rc1 e3 43. Kf3 e2 44. Re1 1-0

[Event "II. CLANSKA LIGA ZAHOD 2018"]
[Site "Komenda"]
[Date "2018.11.11"]
[Round "4.1"]
[White "Buha, Drago"]
[Black "Siraj, Anej"]
[Result "0-1"]
[WhiteElo "1950"]
[BlackElo "1905"]
[PlyCount "116"]
[EventDate "2018.11.11"]
[WhiteTeam "SD RADOVLJICA"]
[BlackTeam "SD VRHNIKA"]

1. d4 Nf6 2. Bf4 d6 3. e3 Nbd7 4. Nc3 e5 5. Bg3 Be7 6. Bc4 O-O 7. Nf3 exd4 8.
Nxd4 Nb6 9. Bb3 Bd7 10. O-O c5 11. Ndb5 c4 12. Ba4 Nxa4 13. Nxd6 Nxc3 14. bxc3
Bxd6 15. Bxd6 Re8 16. Bc5 Ne4 17. Bd4 Qg5 18. f3 Nf6 19. Bxf6 Qxf6 20. Qxd7
Qxc3 21. e4 Qxc2 22. Qxb7 Reb8 23. Qc6 Rc8 24. Qd5 c3 25. Rf2 Qa4 26. Rc1 Rd8
27. Qb3 Qd4 28. Qxc3 Qb6 29. Qb2 Qe3 30. Qc2 Rd7 31. Rd1 Rxd1+ 32. Qxd1 Rc8 33.
g3 Rc1 34. Qxc1 Qxc1+ 35. Kg2 Kf8 36. h4 a5 37. f4 Ke7 38. Kf3 Qc3+ 39. Kg2 f6
40. Re2 a4 41. Kf2 a3 42. Re3 Qb2+ 43. Re2 h5 44. Ke3 Qc3+ 45. Kf2 Qd4+ 46. Kf3
g6 47. Re3 Qd1+ 48. Kf2 Qc1 49. Re2 Qh1 50. Ke3 Qg1+ 51. Kf3 Ke6 52. Rf2 Kd6
53. Rd2+ Kc5 54. Rd8 Qf1+ 55. Ke3 Qc1+ 56. Ke2 Qc4+ 57. Ke3 Qxa2 58. Rc8+ Kd6
0-1

[Event "II. CLANSKA LIGA ZAHOD 2018"]
[Site "Komenda"]
[Date "2018.11.11"]
[Round "4.2"]
[White "Novak, Robert"]
[Black "Jovan, Romuald"]
[Result "0-1"]
[WhiteElo "1696"]
[BlackElo "1914"]
[PlyCount "154"]
[EventDate "2018.11.11"]
[WhiteTeam "SD VRHNIKA"]
[BlackTeam "SD RADOVLJICA"]

1. d4 Nf6 2. Nf3 g6 3. g3 Bg7 4. Bg2 O-O 5. c4 d6 6. Nc3 c5 7. O-O Na6 8. e4
cxd4 9. Nxd4 Rb8 10. Ncb5 Nc5 11. Re1 a6 12. Nc3 Bd7 13. Nd5 b5 14. cxb5 axb5
15. Nb4 Rc8 16. h3 Ne6 17. Be3 h6 18. Qd2 Kh7 19. Rac1 Nc5 20. f3 e5 21. Ne2
Qe7 22. Red1 Nb7 23. Nc3 Qe6 24. Qe2 Qc4 25. a3 Ne8 26. Qd2 Qe6 27. Qd5 Nc5 28.
Bf1 Nb3 29. Rc2 Nd4 30. Rf2 Qe7 31. Qb7 Rc7 32. Nbd5 Rxb7 33. Nxe7 Nc7 34. Ncd5
Nxd5 35. Nxd5 Be6 36. Nb4 f5 37. Nc2 Nxc2 38. Rxc2 Bb3 39. Rdc1 Bxc2 40. Rxc2
f4 41. gxf4 exf4 42. Bf2 Rff7 43. b3 Be5 44. a4 bxa4 45. bxa4 Rb1 46. Ra2 Rc7
47. Kg2 Rcc1 48. Bb5 Ra1 49. Rd2 g5 50. Be8 Kg7 51. Bb6 Kf8 52. Bb5 Rab1 53.
Bf2 Ke7 54. Bb6 Rd1 55. Rc2 Rbc1 56. Ra2 Ra1 57. Rc2 Rac1 58. Ra2 Ra1 59. Rc2
Rdc1 60. Rd2 Bc3 61. Re2 h5 62. Ba7 Kf6 63. Bb8 Ke5 64. Ba7 Ra3 65. Bf2 Bb4 66.
Bd7 Raa1 67. Rb2 Bc5 68. Rd2 Rd1 69. Rb2 Bxf2 70. Kxf2 Rf1+ 71. Kg2 Rg1+ 72.
Kh2 Rg3 73. Rf2 Kd4 74. Bc6 Ke3 75. Rb2 Ra3 76. Rb1 Rxf3 77. Re1+ Kf2 0-1

[Event "II. CLANSKA LIGA ZAHOD 2018"]
[Site "Komenda"]
[Date "2018.11.11"]
[Round "4.3"]
[White "Torkar, Boris"]
[Black "Siraj, Svit"]
[Result "1/2-1/2"]
[WhiteElo "1820"]
[BlackElo "1713"]
[PlyCount "139"]
[EventDate "2018.11.11"]
[WhiteTeam "SD RADOVLJICA"]
[BlackTeam "SD VRHNIKA"]

1. d4 d5 2. c4 e6 3. Nc3 Nf6 4. Bg5 Be7 5. e3 O-O 6. Nf3 c6 7. Be2 Nbd7 8. O-O
dxc4 9. Bxc4 b5 10. Be2 Bb7 11. a3 a6 12. b4 a5 13. Qb3 Ra7 14. Bf4 Qa8 15. Qb2
Nb6 16. Bc7 Nbd5 17. Bxa5 Nxc3 18. Qxc3 Rc8 19. Qb2 Nd7 20. Rfc1 c5 21. Ne1 c4
22. a4 Ba6 23. Bf3 Qb8 24. axb5 Qxb5 25. Be2 Rb7 26. Rcb1 Nb6 27. Qa3 Nd5 28.
Nc2 Qc6 29. Bf3 Qd6 30. e4 Nf4 31. e5 Qd7 32. Bxb7 Bxb7 33. Qe3 Nxg2 34. Qg3
Nh4 35. Ra3 Nf5 36. Qf4 Qd5 37. f3 g5 38. Qg4 h5 39. Qe4 Qxe4 40. fxe4 Bxe4 41.
Rc1 Bxc2 42. Rxc2 Nxd4 43. Rf2 Nb3 44. Bb6 Bxb4 45. Ra7 Rf8 46. Be3 c3 47. Rb7
Bc5 48. Bxc5 Nxc5 49. Rc7 Ne4 50. Re2 f5 51. exf6 Nxf6 52. Rxe6 Nd5 53. Rc5 Rf5
54. Rd6 Ne3 55. Rxf5 Nxf5 56. Rc6 Nd4 57. Rc4 c2 58. Kf2 Kf7 59. Ke3 Nf5+ 60.
Kd3 Kf6 61. Rxc2 g4 62. Ke4 Ne7 63. Rc5 Kg6 64. Re5 Ng8 65. Re6+ Kg5 66. Ke5
Nh6 67. Re7 Nf5 68. Re8 Ne3 69. Rg8+ Kh4 70. Ra8 1/2-1/2

[Event "II. CLANSKA LIGA ZAHOD 2018"]
[Site "Komenda"]
[Date "2018.11.11"]
[Round "4.4"]
[White "Siraj, Vita"]
[Black "Kocevar, Tugomir"]
[Result "0-1"]
[WhiteElo "1404"]
[BlackElo "1864"]
[PlyCount "112"]
[EventDate "2018.11.11"]
[WhiteTeam "SD VRHNIKA"]
[BlackTeam "SD RADOVLJICA"]

1. d4 d5 2. Bf4 Nf6 3. Nf3 Bf5 4. e3 e6 5. a3 Bd6 6. Bg3 O-O 7. c4 c6 8. Qb3 b6
9. Ne5 Ne4 10. Bd3 f6 11. Nf3 Nxg3 12. hxg3 Bxd3 13. Qxd3 f5 14. g4 dxc4 15.
Qxc4 Qe7 16. gxf5 Rxf5 17. e4 Rf4 18. e5 Bc7 19. Qd3 g6 20. Qe3 Rg4 21. g3 c5
22. Nh2 Rxd4 23. Qf3 Qd7 24. Ng4 Rxg4 25. Qxg4 Bxe5 26. Qe2 Nc6 27. O-O Bd4 28.
Re1 e5 29. Qc4+ Qf7 30. Qxf7+ Kxf7 31. Nc3 h5 32. Kg2 g5 33. Rh1 Kg6 34. Rh3
Rf8 35. Rf1 g4 36. Rh4 Rf3 37. a4 Nb4 38. Nd1 Nd3 39. b3 a6 40. Rh2 b5 41. Ne3
e4 42. axb5 axb5 43. Nd1 c4 44. bxc4 bxc4 45. Kg1 Rxg3+ 46. Rg2 Rf3 47. Kh1 Kg5
48. Rg3 Kf4 49. Rxf3+ Kxf3 50. Kh2 c3 51. Nxc3 Bxc3 52. Rb1 h4 53. Rb5 Be5+ 54.
Kg1 h3 55. Kh1 Nxf2+ 56. Kg1 h2+ 0-1

[Event "II. CLANSKA LIGA ZAHOD 2018"]
[Site "Komenda"]
[Date "2018.11.11"]
[Round "4.5"]
[White "Krivec, Metod"]
[Black "Stanar, Luka"]
[Result "1-0"]
[WhiteElo "1753"]
[BlackElo "1694"]
[PlyCount "113"]
[EventDate "2018.11.11"]
[WhiteTeam "SD RADOVLJICA"]
[BlackTeam "SD VRHNIKA"]

1. d4 d5 2. c4 c6 3. Nf3 g6 4. Nc3 Nf6 5. e3 Nbd7 6. Be2 Bg7 7. O-O O-O 8. Qc2
Re8 9. Rd1 Nb6 10. b3 Bf5 11. Bd3 Bxd3 12. Qxd3 Qc7 13. Bb2 Red8 14. Qe2 Nbd7
15. Rac1 a6 16. cxd5 cxd5 17. Nxd5 Qd6 18. Nf4 Nd5 19. Nd3 Rdc8 20. Qd2 Rxc1
21. Rxc1 N7b6 22. h3 Rc8 23. Rxc8+ Nxc8 24. Qc1 Ncb6 25. Ba3 Qd7 26. Qc5 Qb5
27. Qxb5 axb5 28. Bb2 e6 29. Kf1 Nf6 30. Nc5 Nfd5 31. Nxb7 b4 32. a4 Nc3 33.
Ke1 Nd7 34. Kd2 Nd5 35. Na5 Bf8 36. Nc6 Bd6 37. Ne1 Nb8 38. Nxb8 Bxb8 39. Kd3
Bd6 40. Kc4 Bh2 41. Nf3 Bd6 42. Ne1 Bh2 43. Nd3 Bd6 44. e4 Nb6+ 45. Kb5 Nd7 46.
Kc6 Nf6 47. e5 Bxe5 48. dxe5 Ne4 49. a5 Nd2 50. Nc5 Nxb3 51. Nxb3 Kg7 52. a6 f5
53. exf6+ Kh6 54. a7 g5 55. a8=Q Kh5 56. Qg8 Kh4 57. Qxh7# 1-0

[Event "II. CLANSKA LIGA ZAHOD 2018"]
[Site "Komenda"]
[Date "2018.11.11"]
[Round "4.6"]
[White "Drasler, Matej"]
[Black "Cerne, Anton"]
[Result "0-1"]
[WhiteElo "1672"]
[BlackElo "1703"]
[PlyCount "82"]
[EventDate "2018.11.11"]
[WhiteTeam "SD VRHNIKA"]
[BlackTeam "SD RADOVLJICA"]

1. e4 c5 2. Nc3 g6 3. Nf3 Bg7 4. d4 cxd4 5. Nxd4 Nf6 6. Bd3 O-O 7. Bg5 Qa5 8.
Bd2 Qb6 9. Nb3 Nc6 10. Qe2 d6 11. Qe3 Qd8 12. Nd5 Ng4 13. Qe2 Bxb2 14. Rb1 Bg7
15. h3 Nge5 16. O-O a5 17. a4 Be6 18. Nf4 Bd7 19. Bc3 Qc7 20. Qe3 Nb4 21. Bxb4
axb4 22. Ra1 Bxa4 23. Nd4 Bd7 24. Qe2 Rxa1 25. Rxa1 Nc6 26. Qe3 Bxd4 27. Qg3
Bxa1 28. Qh4 Qd8 29. Qg5 e5 30. Qg3 exf4 31. Qxf4 Qf6 32. Qe3 Bd4 33. Qg3 Be5
34. Qe3 Ra8 35. Kf1 Ra1+ 36. Ke2 Bc3 37. f3 Re1+ 38. Kf2 Rxe3 39. Kxe3 Qg5+ 40.
Ke2 Qxg2+ 41. Kd1 Qd2# 0-1

[Event "II. CLANSKA LIGA ZAHOD 2018"]
[Site "Komenda"]
[Date "2018.11.11"]
[Round "4.1"]
[White "Skoberne, Jure"]
[Black "Juhant, Igor"]
[Result "1-0"]
[WhiteElo "2572"]
[BlackElo "1987"]
[PlyCount "43"]
[EventDate "2018.11.11"]
[WhiteTeam "SD POSOCJE"]
[BlackTeam "SK KOMENDA"]

1. Nf3 Nf6 2. g3 c5 3. Bg2 Nc6 4. O-O e5 5. d3 Be7 6. e4 O-O 7. Nc3 d6 8. h3 a6
9. Nh2 b5 10. Ng4 Nxg4 11. hxg4 Nd4 12. Nd5 Rb8 13. f4 Bb7 14. g5 f6 15. Bh3
Bc8 16. Bxc8 Rxc8 17. c3 Nc6 18. Qg4 exf4 19. g6 f5 20. exf5 Ne5 21. Qh5 h6 22.
Bxf4 1-0

[Event "II. CLANSKA LIGA ZAHOD 2018"]
[Site "Komenda"]
[Date "2018.11.11"]
[Round "4.2"]
[White "Kralj, Nejc"]
[Black "Biti, Ozren"]
[Result "0-1"]
[WhiteElo "1734"]
[BlackElo "2368"]
[PlyCount "56"]
[EventDate "2018.11.11"]
[WhiteTeam "SK KOMENDA"]
[BlackTeam "SD POSOCJE"]

1. e4 d6 2. d4 Nf6 3. Nc3 c6 4. Bd3 e5 5. dxe5 dxe5 6. Nf3 Nbd7 7. O-O Be7 8.
Re1 O-O 9. h3 Qc7 10. Be3 Nc5 11. Qe2 b5 12. a3 a5 13. Bxc5 Bxc5 14. Na2 Nh5
15. c4 b4 16. a4 Nf4 17. Qc2 Qb6 18. Nc1 b3 19. Qd2 f6 20. Rf1 Rd8 21. g3 Nxh3+
22. Kg2 Be6 23. Qe2 Bg4 24. Qe1 Rd7 25. Be2 Bb4 26. Nd2 Bxe2 27. Nxe2 Bxd2 28.
Qd1 Ng5 0-1

[Event "II. CLANSKA LIGA ZAHOD 2018"]
[Site "Komenda"]
[Date "2018.11.11"]
[Round "4.3"]
[White "Podlesnik, Bogdan"]
[Black "Zidar, Jernej"]
[Result "1-0"]
[WhiteElo "2343"]
[BlackElo "1511"]
[PlyCount "87"]
[EventDate "2018.11.11"]
[WhiteTeam "SD POSOCJE"]
[BlackTeam "SK KOMENDA"]

1. e4 c5 2. Nc3 d6 3. f4 Nf6 4. Nf3 a6 5. d4 cxd4 6. Qxd4 Nc6 7. Qf2 e6 8. Bd3
b5 9. a3 Bb7 10. e5 dxe5 11. fxe5 Nd7 12. Bf4 Qc7 13. Qg3 g6 14. Ne4 b4 15. a4
Be7 16. b3 Nb6 17. Nd6+ Bxd6 18. exd6 Qd7 19. Ne5 Nxe5 20. Bxe5 Rg8 21. O-O Nd5
22. Qh4 f5 23. Rae1 g5 24. Qd4 O-O-O 25. Bc4 Qc6 26. Rf2 h5 27. Bxd5 Qxd5 28.
Qxb4 h4 29. Rd2 Qc6 30. Re3 Kb8 31. Rc3 Qe4 32. Qxe4 Bxe4 33. d7+ Kb7 34. a5
Bc6 35. Rd6 Bxd7 36. Bf6 e5 37. Rb6+ Ka8 38. Rxa6+ Kb7 39. Rb6+ Ka7 40. Bxd8
Rxd8 41. Rd6 Rc8 42. Rxc8 Bxc8 43. Rd8 Kb7 44. a6+ 1-0

[Event "II. CLANSKA LIGA ZAHOD 2018"]
[Site "Komenda"]
[Date "2018.11.11"]
[Round "4.4"]
[White "Cimperman, Teo"]
[Black "Beletic, Danijel"]
[Result "0-1"]
[WhiteElo "1293"]
[BlackElo "2364"]
[PlyCount "108"]
[EventDate "2018.11.11"]
[WhiteTeam "SK KOMENDA"]
[BlackTeam "SD POSOCJE"]

1. e4 c5 2. Nf3 d6 3. d4 cxd4 4. Nxd4 Nf6 5. Nc3 g6 6. Bc4 Bg7 7. Be3 O-O 8.
O-O Nc6 9. h3 Na5 10. Bb3 b6 11. Qd2 Bb7 12. f3 Re8 13. Bf2 Rc8 14. Rfe1 Nc4
15. Bxc4 Rxc4 16. Rad1 Qb8 17. Kh1 Rec8 18. a3 a6 19. Bg1 b5 20. Nb3 Ba8 21.
Re2 Qc7 22. Bd4 Rd8 23. Qe3 Nh5 24. Bb6 Qb8 25. Bxd8 Ng3+ 26. Kg1 Nxe2+ 27.
Qxe2 Qxd8 28. Rd3 Qc7 29. Qd2 Be5 30. f4 Bxc3 31. bxc3 Bxe4 32. Re3 d5 33. f5
Qd6 34. Qe1 Qxa3 35. fxg6 hxg6 36. Qh4 Kg7 37. Qg3 Qd6 38. Qf2 b4 39. h4 Rxc3
40. h5 Rxe3 41. Qxe3 Bxc2 42. h6+ Kh7 43. Nd4 Be4 44. Nb3 Qe5 45. Nd4 Qf6 46.
Nb3 Qh4 47. Qd2 Qxh6 48. Qxb4 Qe3+ 49. Kh2 Qf2 50. Qd2 Qxd2 51. Nxd2 a5 52. Nb3
a4 53. Na1 f5 54. Kg3 g5 0-1

[Event "II. CLANSKA LIGA ZAHOD 2018"]
[Site "Komenda"]
[Date "2018.11.11"]
[Round "4.5"]
[White "Ursic, Mateja"]
[Black "Zlicar, Jure"]
[Result "1-0"]
[WhiteElo "1985"]
[BlackElo "1232"]
[PlyCount "41"]
[EventDate "2018.11.11"]
[WhiteTeam "SD POSOCJE"]
[BlackTeam "SK KOMENDA"]

1. e4 e5 2. d4 exd4 3. Qxd4 Nc6 4. Qe3 d6 5. Nc3 Nf6 6. Bd2 Be7 7. O-O-O Be6 8.
f3 Nd7 9. Nd5 Nb6 10. Bc3 f6 11. Ne2 Qd7 12. Nef4 O-O-O 13. Bb5 Kb8 14. Nxe6
Qxe6 15. Bxc6 bxc6 16. Nb4 Kb7 17. Qe2 d5 18. Qa6+ Kb8 19. exd5 cxd5 20. Rhe1
Qd7 21. Rxe7 1-0

[Event "II. CLANSKA LIGA ZAHOD 2018"]
[Site "Komenda"]
[Date "2018.11.11"]
[Round "4.6"]
[White "Perme, Martin"]
[Black "Ursic, Jakob"]
[Result "0-1"]
[WhiteElo "1201"]
[BlackElo "1925"]
[PlyCount "88"]
[EventDate "2018.11.11"]
[WhiteTeam "SK KOMENDA"]
[BlackTeam "SD POSOCJE"]

1. e4 b6 2. d4 e6 3. Be3 Bb7 4. Nd2 d5 5. e5 Nd7 6. Be2 c5 7. c3 Ne7 8. f4 Nc6
9. Ngf3 Be7 10. O-O f6 11. Qe1 cxd4 12. cxd4 Nb4 13. Bd1 Ba6 14. Be2 Nc2 15.
Qg3 Bxe2 16. Qxg7 Rf8 17. Qxh7 Nxe3 18. Nh4 Nxf1 19. Nxf1 Nc5 20. Ng3 Bd3 21.
Qg7 Kd7 22. Ng6 Rg8 23. Qh6 Rxg6 24. Qh5 Qh8 25. Qxh8 Rxh8 26. b4 Ne4 27. Nxe4
Bxe4 28. g3 Rxg3+ 29. hxg3 Rh1+ 30. Kf2 Rxa1 31. g4 Rxa2+ 32. Kg3 fxe5 33. fxe5
Bg5 34. b5 Rg2+ 35. Kh3 Rb2 36. Kg3 Rxb5 37. Kf2 Rb1 38. Ke2 a5 39. Kf2 a4 40.
Kg3 a3 41. Kf2 a2 42. Ke2 a1=Q 43. Kf2 Qa2+ 44. Kg3 Rb3# 0-1

[Event "II. CLANSKA LIGA ZAHOD 2018"]
[Site "Komenda"]
[Date "2018.11.24"]
[Round "5.1"]
[White "Juhant, Igor"]
[Black "Baric, Dusan"]
[Result "1/2-1/2"]
[WhiteElo "1987"]
[BlackElo "2091"]
[PlyCount "61"]
[EventDate "2018.11.24"]
[WhiteTeam "SK KOMENDA"]
[BlackTeam "SD MATRIKA STARI TRG OB KOLPI"]

1. e4 c5 2. Nf3 d6 3. d4 cxd4 4. Nxd4 Nf6 5. Nc3 g6 6. Be3 Bg7 7. f3 Nc6 8. Qd2
O-O 9. O-O-O Bd7 10. g4 Rc8 11. h4 h5 12. g5 Ne8 13. Nxc6 Bxc6 14. Bd4 Qa5 15.
Kb1 Kh7 16. Bh3 Rc7 17. Bxg7 Nxg7 18. f4 b5 19. Rhf1 b4 20. Nd5 Bxd5 21. exd5
Rc4 22. f5 Qd8 23. Qf2 Kg8 24. Rd4 Rxd4 25. Qxd4 a5 26. Qd3 gxf5 27. Bxf5 Nxf5
28. Qxf5 Kg7 29. Qf3 Kg6 30. Qe4+ Kg7 31. Qf3 1/2-1/2

[Event "II. CLANSKA LIGA ZAHOD 2018"]
[Site "Komenda"]
[Date "2018.11.24"]
[Round "5.2"]
[White "Kobe, Uros"]
[Black "Kralj, Nejc"]
[Result "1-0"]
[WhiteElo "2046"]
[BlackElo "1734"]
[PlyCount "47"]
[EventDate "2018.11.24"]
[WhiteTeam "SD MATRIKA STARI TRG OB KOLPI"]
[BlackTeam "SK KOMENDA"]

1. e4 e6 2. d4 d5 3. Nc3 Nf6 4. Bg5 Be7 5. e5 Nfd7 6. h4 a6 7. Qg4 c5 8. Bxe7
Qxe7 9. Qxg7 Rf8 10. O-O-O Nc6 11. Nf3 b5 12. dxc5 Qxc5 13. Ng5 Ne7 14. Bd3 b4
15. Na4 Qc6 16. b3 Bb7 17. Nxh7 Rg8 18. Nf6+ Nxf6 19. Qxf6 Rc8 20. h5 Kd7 21.
h6 Rcf8 22. h7 Rh8 23. Rh4 Kc7 24. Qxe7+ 1-0